000 00560nam a22001937a 4500
003 OSt
005 20210421074718.0
008 210226s1944 ||||| |||| 00| 0 eng d
040 _aeng
_beng
_cDLC
041 _aeng
080 _a92
_bB-82
100 _91139
_aBowen, Drinker. Catherine
245 _aYankee from Olympus
_b: Justice Holmes and His Family
_c/ by: Little, Brown and Company
260 _aBoston
_bLittle, Brown and Company
_c1944
300 _a475 p.
_bill.
650 0 _9237
_aBiography
653 _aბიოგრაფია
942 _2udc
_cBK
999 _c1745
_d1745